Otto Urban: Česká spoločnosť 1848-1918

Bibliographic Details
Main Authors: Zavacká, Katarína, 1940- (Author), Zavadská, Katarína (Author), Urban, Otto, 1938-1996 (Author)
Format: Article
Language:Slovak
Subjects:

MARC

LEADER 00000nab a2200000 a 4500
001 vtls000239221
003 SK-MaSNL
005 20260304063143.0
008 250422c1985 xo 0 slo
015 |a SNBRB19rr/mm-uuuuu 
035 |a CL0249335 
035 |a urn:nbn:sk:snk-ab2ukm 
035 |a (urnnbn)urn:nbn:sk:snk:ar-a02yq1 
035 |a (uuid)ed8ceb29-c9ec-4afe-827c-8ecc6e1f68cc 
040 |a SNKBUCL  |b slo  |c SNKBUCL  |e AACR2 
041 0 |a slo 
044 |a xo  |c SK 
080 |a 301.15/.18(437.1)"1848/1918"  |2 1981 
100 1 |a Zavacká, Katarína,  |d 1940-  |4 aut 
245 1 0 |a Otto Urban: Česká spoločnosť 1848-1918  |c Katarína Zavacká ; Katarína Zavadská, Otto Urban 
650 0 7 |a národ český  |2 snkbucl  |9 1349313 
655 7 |a články z novín a časopisov  |2 snkbucl  |9 267496 
700 1 |a Zavadská, Katarína  |4 aut  |9 1127708 
700 1 |a Urban, Otto,  |d 1938-1996  |4 aut  |9 218987 
773 0 |t Právny obzor  |g Roč. 68, č. 4 (1985), s. 399-401 
787 0 8 |i Rec.:  |a Urban, Otto  |t Česká spoločnosť 1848-1918  |d Praha : Svoboda, 1982 
850 |a Slovenská národná knižnica 
852 |a Slovenská národná knižnica 
954 |a odborná, vedecká literatúra pôvodná (slovenská)  |2 lita 
958 |a article27 
958 |a RK 
958 |a CZ 
958 |a OND 
958 |a EUIPO 
992 |a RBX 
999 |c 2741271  |d 2743201